Paseo histórico-artístico por Cádiz para que sirva de guia á los viageros [sic] que visiten esta capital. (Record no. 161482)

MARC details
000 -LEADER
campo de control de longitud fija 00612nam a22001815i 4500
001 - NÚMERO DE CONTROL
campo de control 161482
003 - IDENTIFICADOR DE NÚMERO DE CONTROL
campo de control ES-MaACL
005 - FECHA Y HORA DE LA ÚLTIMA TRANSACCIÓN
campo de control 20250711181114.0
008 - DATOS DE LONGITUD FIJA--INFORMACIÓN GENERAL
campo de control de longitud fija 041020s1853 sp |||| | spa d
040 ## - FUENTE DE CATALOGACIÓN
Centro catalogador/agencia de origen CAM
Lengua de catalogación spa
Centro/agencia transcriptor CAM
080 ## - NÚMERO DE LA CLASIFICACIÓN DECIMAL UNIVERSAL
Número de la Clasificación Decimal Universal 913(460.355 C.)(036)
245 00 - MENCIÓN DEL TÍTULO
Título Paseo histórico-artístico por Cádiz para que sirva de guia á los viageros [sic] que visiten esta capital.
260 ## - PUBLICACIÓN, DISTRIBUCIÓN, ETC.
Lugar de publicación, distribución, etc. Cadiz :
Nombre del editor, distribuidor, etc. [s.n.],
Fecha de publicación, distribución, etc. 1853 (
Fabricante Imp. de Filomeno Fernandez de Arjona)
300 ## - DESCRIPCIÓN FÍSICA
Extensión 261 p., [1] h. ;
Dimensiones 16 cm.
651 #4 - PUNTO DE ACCESO ADICIONAL DE MATERIA--NOMBRE GEOGRÁFICO
Nombre geográfico Cádiz-
Subdivisión de forma Guías turísticas
9 (RLIN) 7915
852 ## - LOCALIZACIÓN
Ubicación ES-MaACL
Número de control de estantería D-2758
Holdings
Estatus retirado Estado de pérdida Estado de daño No para préstamo Colección Biblioteca de origen Biblioteca actual Ubicación en estantería Fecha de adquisición Fuente de adquisición Total de préstamos Signatura topográfica completa Código de barras Visto por última vez Precio de reemplazo Tipo de ítem Koha
        Libros del s. XIX Biblioteca del Ateneo de Madrid Biblioteca del Ateneo de Madrid Sala Valle Inclán 17/01/2008     D-2758 901169149 23/02/2023 23/02/2023 Libro impreso antiguo